000 00353nam a2200121Ia 4500
008 241028s9999 xx 000 0 und d
041 _aeng
082 _a338.91 VER
100 _aRajiv Verma
245 _aUnderstanding Women Emprowment Through Indian Culture, Text An Practices
260 _bRaghav Books
_aGhaziabad U.P
_c2021
300 _a267;. P. 23 cm
999 _c42856
_d42856